000 01028nam a2200277 a 4500
008 071114s2002 ||||||||||||||||| || u
020 _a0821350390
050 _aHD 2768 Est
100 _aEstache, Antonio
245 1 0 _aAccounting for poverty in infrastructure reform: learning from Latin America's experience
_cAntonio Estache; Vivien Foster; Quentin Wodon
260 _aWashington, D. C.:
_bWorld Bank
_c2002
300 _avii, 122p.: ill.
350 _a0.00
490 _aWBI development studies
650 _aPUBLIC WORKS--LATIN AMERICA
650 _aINFRASTRUCTURE--ECONOMICS
650 _aPOVERTY--LATIN AMERICA
650 0 _aPRIVATIZATION
650 _aPUBLIC UTILITIES--LATIN AMERICA
650 _aPOVERTY ALLEVIATION
650 _aINFRASTRUCTURE
700 _aFoster, Vivien
700 _aWodon, Quentin
710 _aWorld Bank
995 _D0.00
_FCBU-MAIN LIBRARY (Kitwe)
_H1
_I0.00
_M1
_UAVAILABLE
_WNov 14, 2007
_ZAnnex Low-Usage Collection
999 _c33339
_d33339